000 00581nam a2200217Ia 4500
003 OSt
005 20230406094618.0
008 210423s2006 xx 000 0 und d
040 _cAL
041 _aeng
082 _a001.42 GRAF
100 _aGRAVETTER (Frederick J);FORZANO (Lori-Anna B)
_983971
245 _aResearch methods for the behavioral sciences
250 _a2
260 _aAustralia
_bThomson
_c2006
300 _axxiii,534
_bPB
365 _b575
_cINR
650 _aResearch
_983972
906 _abehavioral ; methods ; Research ; sciences
942 _2ddc
_cBK
999 _c158200
_d158200